书目信息 |
| 题名: |
中国大趋势
|
|
| 作者: | 奈斯比特 , 奈斯比特 著 | |
| 分册: | ||
| 出版信息: | 北京 中华工商联合出版社 2011.10 |
|
| 页数: | 221页 | |
| 开本: | 25cm | |
| 丛书名: | ||
| 单 册: | ||
| 中图分类: | D602 | |
| 科图分类: | ||
| 主题词: | 政论--中国--现代 , 政论 | |
| 电子资源: | ||
| ISBN: | 978-7-80249-843-3 | |
| 000 | 01349nam0 2200277 45 | |
| 001 | 1360519718 | |
| 005 | 20130709101319.40 | |
| 010 | @a978-7-80249-843-3@b精装@dCNY49.00 | |
| 100 | @a20130513d2011 em y0chiy50 ea | |
| 101 | 0 | @achi@ceng@cger |
| 102 | @aCN@b110000 | |
| 105 | @af z 000yy | |
| 106 | @ar | |
| 200 | 1 | @a中国大趋势@AZhong Guo Da Qu Shi@e新社会的八大支柱@EXin She Hui De Ba Da Zhi Zhu@ethe 8 pillars of a new society@e精装签名珍藏版@EJing Zhuang Qian Ming Zhen Cang Ban@f(美)约翰·奈斯比特(John Naisbitt),(奥)多丽丝·奈斯比特(Doris Naisbitt)著@F( Mei ) Yue Han· Nai Si Bi Te (John Naisbitt),( Ao ) Duo Li Si· Nai Si Bi Te (Doris Naisbitt) Zhu@c魏平译 |
| 205 | @a2版 | |
| 210 | @a北京@c中华工商联合出版社@d2011.10 | |
| 215 | @a221页@c照片@d25cm | |
| 330 | @a本书站在全球的高度,精辟地提出了中国“新社会的八大支柱”理论——解放思想、“自上而下”与“自下而上”的结合、规划“森林”、让“树木”自由生长、摸着石头过河、艺术与学术的萌动、融入世界、自由与公平和从奥运金牌到诺贝尔奖。 | |
| 517 | 1 | @a新社会的八大支柱@AXin She Hui De Ba Da Zhi Zhu |
| 606 | 0 | @a政论@y中国@z现代 |
| 606 | 0 | @a政论 |
| 690 | @aD602@v5 | |
| 701 | 0 | @c(美)@a奈斯比特@ANai Si Bi Te@c(Naisbitt, John)@4著 |
| 701 | 0 | @c(奥)@a奈斯比特@ANai Si Bi Te@c(Naisbitt, Doris)@4著 |
| 801 | @aCN@bTANGWEI@c20130522 | |
| 905 | @b0834613-14@dD602@e109=2@f2 | |
| 中国大趋势:新社会的八大支柱:the 8 pillars of a new society:精装签名珍藏版/(美)约翰·奈斯比特(John Naisbitt),(奥)多丽丝·奈斯比特(Doris Naisbitt)著.魏平译.-2版.-北京:中华工商联合出版社,2011.10 |
| 221页:照片;25cm |
| ISBN 978-7-80249-843-3(精装):CNY49.00 |
| 本书站在全球的高度,精辟地提出了中国“新社会的八大支柱”理论——解放思想、“自上而下”与“自下而上”的结合、规划“森林”、让“树木”自由生长、摸着石头过河、艺术与学术的萌动、融入世界、自由与公平和从奥运金牌到诺贝尔奖。 |
| ● |
| 相关链接 |
|
|
|
|
正题名:中国大趋势
索取号:D602/109=2
 
预约/预借
| 序号 | 登录号 | 条形码 | 馆藏地/架位号 | 状态 | 备注 |
| 1 | 0834613 | 208346137 | 第一样本阅览室/ [索取号:D602/109=2] | 在馆 | |
| 2 | 0834614 | 208346146 | 第一借阅区/ [索取号:D602/109=2] | 在馆 |